| 000 | 01374nam0a22002891 4500 | ||
|---|---|---|---|
| 001 | rc\2726057 | ||
| 005 | 20250805160813.4 | ||
| 035 | _a(NLR Aleph) 006853530 | ||
| 090 |
_a6772396 _c6772396 |
||
| 100 | _a20110915d1943 |||y0rusy50 ca | ||
| 101 | 0 | _arus | |
| 102 | _aRU | ||
| 105 | _aa z ||||| | ||
| 200 | 1 |
_aИнструкция по изготовлению и применению пробужденного бетона _fКандидат техн. наук Г. Н. Сиверцев _gРед. инж. М. С. Рудоминер |
|
| 210 |
_aМосква _aЛенинград _cСтройиздат Наркомстроя _d1943 |
||
| 215 |
_a16, [2] с., 1 л. табл. _cтабл. _d21 см. |
||
| 225 | 1 |
_aСообщение _fСССР. Нар. ком. по строительству. Техн. упр. Центр. науч.-исслед. ин-т пром. сооружений. Лаборатория строительных материаловлов _v43/4. Вып. 2 |
|
| 300 | _aНапеч. в Москве | ||
| 700 | 1 |
_aСиверцев _bГ. Н. _gГеоргий Николаевич |
|
| 702 | 1 |
_aРудоминер _bМ. С. _4340 |
|
| 801 | 0 |
_aRU _bNLR _gpsbo |
|
| 801 | 1 |
_aRU _bELAR _2rusmarc |
|
| 852 |
_aNLR _jТ80 Г-4/174-43 |
||
| 942 | _cBOOK | ||
| 945 | _aРоссийская национальная библиотека | ||
| 980 | _aNB | ||
| 980 | _aBV | ||